|
|
|
|
| LEADER |
00000cam a22000004a 4500 |
| 001 |
musev2_2127 |
| 003 |
MdBmJHUP |
| 005 |
20230905040303.0 |
| 006 |
m o d |
| 007 |
cr||||||||nn|n |
| 008 |
101001s2011 nmu o 00 0 eng d |
| 010 |
|
|
|z 2010041699
|
| 020 |
|
|
|a 9780826349422
|
| 020 |
|
|
|z 0826349412
|
| 020 |
|
|
|z 0826349420
|
| 020 |
|
|
|z 9780826349415
|
| 035 |
|
|
|a (OCoLC)759158343
|
| 040 |
|
|
|a MdBmJHUP
|c MdBmJHUP
|
| 043 |
|
|
|a s-cl---
|
| 050 |
0 |
4 |
|a F3095
|b .W66 2011
|
| 082 |
0 |
|
|a 983/.04
|2 22
|
| 100 |
1 |
|
|a Wood, James A.,
|d 1968-
|
| 245 |
1 |
4 |
|a The Society of Equality :
|b Popular Republicanism and Democracy in Santiago de Chile, 1818-1851 /
|c James A. Wood.
|
| 264 |
|
1 |
|a Albuquerque :
|b University of New Mexico Press,
|c 2011.
|
| 264 |
|
3 |
|a Baltimore, Md. :
|b Project MUSE,
|c 2012
|
| 264 |
|
4 |
|c ©2011.
|
| 300 |
|
|
|a 1 online resource (344 pages):
|b ill. ;
|
| 336 |
|
|
|a text
|b txt
|2 rdacontent
|
| 337 |
|
|
|a computer
|b c
|2 rdamedia
|
| 338 |
|
|
|a online resource
|b cr
|2 rdacarrier
|
| 504 |
|
|
|a Includes bibliographical references and index.
|
| 505 |
0 |
|
|a Introduction : the popular republican movement in postcolonial Santiago -- Politics and state formation in the aftermath of independence, 1818-28 -- Artisans and guardsmen in the political crisis of 1829 -- The regimentation of popular republicanism, 1830-39 -- The artisans confront the new order, 1840-49 -- A new generation confronts the new order, 1840-49 -- The Society of Equality, 1850-51 -- The limits of equality.
|
| 588 |
|
|
|a Description based on print version record.
|
| 610 |
2 |
0 |
|a Sociedad de la Igualdad (Santiago, Chile)
|x History.
|
| 651 |
|
0 |
|a Santiago (Chile)
|x Politics and government
|y 19th century.
|
| 651 |
|
0 |
|a Chile
|x Politics and government
|y 1824-1920.
|
| 650 |
|
0 |
|a Artisans
|x Political activity
|z Chile
|x History
|y 19th century.
|
| 650 |
|
0 |
|a Political participation
|z Chile
|x History
|y 19th century.
|
| 650 |
|
0 |
|a Republicanism
|z Chile
|x History
|y 19th century.
|
| 650 |
|
0 |
|a Democracy
|z Chile
|x History
|y 19th century.
|
| 655 |
|
7 |
|a Electronic books.
|2 local
|
| 710 |
2 |
|
|a Project Muse.
|e distributor
|
| 830 |
|
0 |
|a Book collections on Project MUSE.
|
| 856 |
4 |
0 |
|z Texto completo
|u https://projectmuse.uam.elogim.com/book/2127/
|
| 945 |
|
|
|a Project MUSE - Custom Collection
|
| 945 |
|
|
|a Project MUSE - 2011 Complete
|
| 945 |
|
|
|a Project MUSE - 2011 Latin American and Caribbean Studies
|
| 945 |
|
|
|a Project MUSE - 2011 History
|